Target costing – cesta k úspore nákladov
Sumarizácia a aplikácia najnovších poznatkov o problematike kalkulácie cieľových nákladov v strategickej oblasti riadenia, ktorá ma opodstatnenie najmä v predvýrobných etapách výroby. Objektom praktickej aplikácie je prostredníctvom nástrojov hodnotovej analýzy, navrhnúť spôsoby efektívneho vynaklad...
Saved in:
| Main Author: | |
|---|---|
| Other Authors: | |
| Format: | Book Chapter |
| Language: | Slovak |
| Subjects: | |
| Tags: |
No Tags, Be the first to tag this record!
|
MARC
| LEADER | 00000nla$a2200000$$$4500 | ||
|---|---|---|---|
| 001 | 0121921 | ||
| 005 | 20220321082401.9 | ||
| 041 | 0 | |a slo | |
| 044 | |a SK | ||
| 245 | 1 | 0 | |a Target costing – cesta k úspore nákladov |c Marek Potkány, Alexandra Hajduková |
| 520 | |a Sumarizácia a aplikácia najnovších poznatkov o problematike kalkulácie cieľových nákladov v strategickej oblasti riadenia, ktorá ma opodstatnenie najmä v predvýrobných etapách výroby. Objektom praktickej aplikácie je prostredníctvom nástrojov hodnotovej analýzy, navrhnúť spôsoby efektívneho vynakladania nákladov na zabezpečenie zákazníckych preferencií vybraného produktu drevospracujúceho priemyslu. | ||
| 610 | 2 | 0 | |a analýza hodnotová |
| 610 | 2 | 0 | |a náklady |
| 610 | 2 | 0 | |a úspory finančné |
| 610 | 2 | 0 | |a priemysel drevársky |
| 610 | 2 | 0 | |a kalkulácia nákladov |
| 610 | 2 | 0 | |a zisk |
| 100 | 1 | |a Potkány, Marek | |
| 700 | 1 | |a Hajduková, Alexandra | |